LEADER 01996nam a2200349 i 4500 001 991001001579707536 005 20040322124547.0 008 001123s1573 it ||| | ita 035 $ab12702730-39ule_inst 035 $aocm00000002$9ExL 040 $aDip.to Filologia Ling. e Lett.$bita 100 1 $aCaro, Annibale$d<1507-1566>$0154388 245 10$aSpaccio di maestro Pasquino romano, a messer Lodouico Casteluetro da Modena :$bCon alcune operette incluse del Predella, del Buratto, di ser Fedocco. In difesa de la seguente canzone del commendatore Annibal Caro, appartenenti tutte a l'vso de la lingua toscana 260 $aIn Parma :$bappresso di Seth Viotto,$c1573 269 $aParma :$bViotti, Seth,$c1573 300 $a2 pt. (120, [8]; [4], 180 c.) ;$c8? (16 cm) 500 $aA c. +1r. front.: "Ragione d'alcune cose segnate nella canzone d'Annibal Caro. Venite a l'ombra de gran gigli d'oro" 500 $aSegnatura: A-P8 +8; +4 A-Y8 Z4 500 $aCapilettera, testate, car. rom. e cors. 700 1 $aCastelvetro, Lodovico$d<1505-1571> 740 0 $aRagione d'alcune cose segnate nella canzone d'Annibal Caro. Venite a l'ombra de gran gigli d'oro 907 $a.b12702730$b05-10-16$c23-03-04 912 $a991001001579707536 945 $aLE008 TS-VI-A-47-(rari)$cEsemplare mutilo della c. +1; tagli colorati di verde. - Esemplare parzialmente digitalizzato$g1$iLE008-18027$lle008$o-$pE0.00$q-$rn$so $t0$u0$v0$w0$x0$y.i1322024x$z23-03-04 962 $a000:001:JPEG:b1270273:003123:0:0:0:0:0:0$tFrontespizio (c. A1r)$vy 962 $a000:001:JPEG:b1270273:003124:0:0:0:0:0:0$tc. A2r$vy 962 $a000:001:JPEG:b1270273:003125:0:0:0:0:0:0$tc. +1r$vy 962 $a000:001:JPEG:b1270273:003126:0:0:0:0:0:0$tc. +1v$vy 962 $a000:001:JPEG:b1270273:003127:0:0:0:0:0:0$tc. A1r$vy 996 $aSpaccio di maestro Pasquino romano, a messer Lodouico Casteluetro da Modena$9269565 997 $aUNISALENTO 998 $ale008$b23-03-04$cm$da $eo$fita$git $h0$i1